000 00335pam a2200145 a 4500
020 _c
041 _h
082 _a659.1
_bCAP
100 _aJoe Cappo.
245 _aFuture of Advertising
_bFuture of Advertising
_hTextual Documents
250 _a2003.
260 _aAmerica:
_bMcGraw- Hill.
300 _a260:
_bHard.
930 _a581
999 _c234371
_d234371